000 00295nam a22001337a 4500
008 171002b xxu||||| |||| 00| 0 eng d
020 _a9780880484398
041 _aeng
080 _a159.9
100 _a48
101 _aPSI
245 _aREWIEW OF PSYCHIATRY
_cOLDHAM.J.M
942 _2udc
_cBK
999 _c31196
_d31196